Macromedia Dreamweaver MX : Asas Pembangunan Halaman Web

Bibliographic Details
Main Author: Jamalludin Harun
Other Authors: Zaidatun Tasir
Format: Book
Language:Malay
Published: Kuala Lumpur : Venton Publishing , 2002
Series:Siri 1
Subjects:

MARC

LEADER 00000cam a2200000 7i4500
001 0000017049
005 20230703.0
008 060918 my may
020 |a 9832031893 (pbk) 
040 |a INS 
090 0 0 |a TK5105.888.D74   |b J27 2002 
100 0 |a Jamalludin Harun 
245 1 0 |a Macromedia Dreamweaver MX :   |b Asas Pembangunan Halaman Web   |c Jamalludin Harun, Zaidatun Tasir 
260 |a Kuala Lumpur :   |b Venton Publishing ,   |c 2002 
300 |a x, 281 p. :   |b ill. ;   |c 26 cm +.   |e 1 CD-ROM (4 3/4 in.) 
440 0 |a Siri 1 
650 0 |a Dreamweaver (Computer file) 
650 0 |a Web sites   |x Authoring programs 
650 0 |a Web sites   |x Design 
700 0 |a Zaidatun Tasir 
999 |a 0000017257   |b BOOK   |c Open Shelf   |e Default branch 
999 |a 0000020259   |b BOOK   |c Open Shelf   |e Default branch